| 000 | 00652cam a2200205 a 4500 | ||
|---|---|---|---|
| 020 | _a9780415777827 | ||
| 020 | _a0415777828 | ||
| 020 | _a9780203869901 (ebk.) | ||
| 020 | _a0203869907 (ebk.) | ||
| 040 | _cDLC | ||
| 082 | 0 | 0 | _a355 TUN 1993 C152 Or. |
| 100 | R | _aHudson, Natalie Florea. | |
| 245 | 1 | 0 |
_aGender, human security and the United Nations : _bsecurity language as a political framework for women / |
| 260 |
_aNew York : _bRoutledge, _c2010. |
||
| 300 |
_axi, 186 p. ; _c24 cm. |
||
| 650 | 0 | _aNational security | |
| 650 | 0 | _aWomen and peace | |
| 856 | 4 | 2 | _uhttp://www.loc.gov/catdir/enhancements/fy1102/2009011830-b.html |
| 942 | _cAEDBB | ||
| 999 |
_c18751 _d18751 |
||